| 000 -LEADER |
| fixed length control field |
00722nam a2200229Ia 4500 |
| 001 - CONTROL NUMBER |
| control field |
11074 |
| 003 - CONTROL NUMBER IDENTIFIER |
| control field |
GE_BSU |
| 005 - DATE AND TIME OF LATEST TRANSACTION |
| control field |
20221117105519.0 |
| 008 - FIXED-LENGTH DATA ELEMENTS--GENERAL INFORMATION |
| fixed length control field |
181216s2009en xx |||||||||||||| ||eng|| |
| 020 ## - INTERNATIONAL STANDARD BOOK NUMBER |
| International Standard Book Number |
9781412960359(pbk) X |
| 040 ## - CATALOGING SOURCE |
| Transcribing agency |
GE_BSU |
| 041 ## - LANGUAGE CODE |
| Language code of text/sound track or separate title |
eng |
| 080 ## - UNIVERSAL DECIMAL CLASSIFICATION NUMBER |
| Universal Decimal Classification number |
378 G 51 |
| 100 ## - MAIN ENTRY--PERSONAL NAME |
| Personal name |
GLATTHORN, ALLAN.A |
| 9 (RLIN) |
15871 |
| 245 #4 - TITLE STATEMENT |
| Title |
THE Principal AS CURRICULUM LEADER : |
| Remainder of title |
Shaping whats IS Taught and Tested / |
| Statement of responsibility, etc. |
ALLAN. A. GLATTHORN |
| 250 ## - EDITION STATEMENT |
| Edition statement |
3rd ed. |
| 264 ## - PRODUCTION, PUBLICATION, DISTRIBUTION, MANUFACTURE, AND COPYRIGHT NOTICE |
| Place of production, publication, distribution, manufacture |
Thousand Oaks,Calif : |
| Name of producer, publisher, distributor, manufacturer |
Corwin Press, |
| Date of production, publication, distribution, manufacture, or copyright notice |
2009. |
| 300 ## - PHYSICAL DESCRIPTION |
| Extent |
199 p.: |
| Other physical details |
24 cm. |
| 653 ## - INDEX TERM--UNCONTROLLED |
| keyword |
THE Principal AS CURRICULUM LEADER. |
| 653 ## - INDEX TERM--UNCONTROLLED |
| keyword |
შემოსულია ტემპუსის პროექტით. |
| 942 ## - ADDED ENTRY ELEMENTS (KOHA) |
| Koha item type |
წიგნი |
| Source of classification or shelving scheme |
|